000 00660nam a2200229Ia 4500
003 OSt
005 20220925184629.0
006 a|||||r|||| 00| 0
007 ta
008 220923b |||||||| |||| 00| 0 eng d
037 _cGeneral Book
040 _aRTL
_cRTL
_beng
041 _2eng
_aeng
082 _aX723.243. N07 t, D8
110 _aPATIALA
_9230634
245 0 _aAssessment report of tahsil patiala Nizamat Karamgarh ,1907
260 _aAjmer
_bScottish Mission Industries Company
_c1908
300 _a152p
_ccm.
700 _aPATIALA
_9230635
942 _hX723.243. N07 t, D8
_cGB
_2CC
999 _c508373
_d508373